MARC

LEADER 00000nam0a2200000 4500
001 260805
005 20231101233517.0
010 |a 5020013986 
035 |a (RuTPU)RU\TPU\book\283775 
090 |a 260805 
100 |a 20140519d1988 k y0rusy50 ca 
101 0 |a rus 
102 |a RU 
105 |a y z 001zy 
200 1 |a Исследования по неорганической химии и химической технологии  |e сборник научных трудов  |f Академия наук СССР (АН СССР), Институт общей и неорганической химии им. Н. С. Курнакова (ИОНХ) ; отв. ред. А. Ю. Цивадзе 
210 |a Москва  |c Наука  |d 1988 
215 |a 328 с.  |c ил. 
320 |a Библиография в конце статей 
601 0 2 |a Академия наук СССР (АН СССР)  |b Институт общей и неорганической химии им. Н. С. Курнакова (ИОНХ)  |c (Москва)  |2 stltpush  |3 (RuTPU)RU\TPU\col\11794 
606 1 |a Неорганическая химия  |2 stltpush  |3 (RuTPU)RU\TPU\subj\67586  |9 83311 
606 1 |a Химическая технология  |x Общие вопросы  |2 stltpush  |3 (RuTPU)RU\TPU\subj\68259  |9 83693 
610 1 |a СССР 
610 1 |a исследования 
610 1 |a координационная химия 
610 1 |a редкие элементы 
610 1 |a физико-химический анализ 
610 1 |a бионеорганическая химия 
610 1 |a особо чистые вещества 
675 |a 546  |v 3 
675 |a 66  |v 3 
702 1 |a Цивадзе  |b А. Ю.  |4 340 
712 0 2 |a Академия наук СССР (АН СССР)  |b Институт общей и неорганической химии им. Н. С. Курнакова (ИОНХ)  |c (Москва)  |2 stltpush  |3 (RuTPU)RU\TPU\col\11794 
801 1 |a RU  |b 63413507  |c 20140519 
801 2 |a RU  |b 63413507  |c 20150929  |g RCR 
942 |c BK